000 00704nam a2200253Ia 4500
003 OSt
005 20221007081318.0
006 a|||||r|||| 00| 0
007 ta
008 221006b |||||||| |||| 00| 0 eng d
024 _a44,414
037 _cTextual
040 _aFLL
_cFLL
_beng
041 _2eng
_aeng
082 _aV2:2:Z, Q2
100 _aROSENFELD Michel
_9290118
245 0 _aOxford Handbook of Comparative Constitutional law
250 _a1st
260 _aNew York
_bOxford University Press USA
_c2012
300 _axix,1396p.
_ccm.
700 _a SAJO Andras
_9695064
942 _hV2:2:Z, Q2
_cTEXL
_2CC
999 _c1162705
_d1162705